[Event "Delkanda Inter Club-chT"]
[Site "Delkanda"]
[Date "2021.02.27"]
[Round "3.1"]
[White "Piyumantha, M Thisal Manjith"]
[Black "Ellawela, Suveen"]
[Result "1/2-1/2"]
[WhiteElo "1811"]
[BlackElo "1635"]
[PlyCount "48"]
[EventDate "2021.02.26"]
[EventType "team-tourn"]
[EventRounds "9"]
[EventCountry "SRI"]
[SourceTitle "EXT 2022"]
[Source "ChessBase"]
[SourceDate "2021.10.06"]
[SourceVersion "1"]
[SourceVersionDate "2021.10.06"]
[SourceQuality "1"]
[WhiteTeam "Sokians CC"]
[BlackTeam "Blue and Gold CC"]
[WhiteTeamCountry "SRI"]
[BlackTeamCountry "SRI"]

1. d4 d5 2. c4 e6 3. Nf3 c6 4. g3 f5 5. Bg2 Nf6 6. Nc3 Bd6 7. 0-0 0-0 8. Qc2 Ne4 9. Rb1 a5 10. a3 Qe7 11. c5 Bc7 12. b4 Nd7 13. Bb2 e5 14. dxe5 Nxe5 15. Nxe5 Bxe5 16. Rfe1 Bxc3 17. Bxc3 axb4 18. axb4 f4 19. Bd4 Bf5 20. Qb2 Ng5 21. Rbd1 Rae8 22. gxf4 Nh3+ 23. Bxh3 Bxh3 24. Be5 Qh4 1/2-1/2